00820cam a2200253 a 4500001000700000003000400007005001700011008004100028010001700069020001500086040001800101050002200119082002200141100003400163245009300197250002600290260004800316300005400364504005100418650001600469650003000485700003200515700001900547708745OSt20220919152559.0970516s1998 nyua b 001 0 eng  a 97021468  a0321016815 aDLCcDLCdDLC00aRC454b.C275 199800a616.89221bCAR/A1 aCarson, Robert C.,d1930-200610aAbnormal psychology and modern life /cRobert C. Carson, James N. Butcher, Susan Mineka. a10th ed., 1998 update aNew York :bAddison Wesley Longman,cc1998. axxii, 700, [147] p. :bill. (some col.) ;c29 cm. aIncludes bibliographical references and index. 0aPsychiatry. 0aPsychology, Pathological.1 aButcher, James Neal,d1933-1 aMineka, Susan.